000 00886nas a2200313 4500
001 BR9104395
003 BR-BrBNA
005 20231205092203.0
007 ta
008 230509b bl.|||p| |||| 00| 00por d
040 _aBR-BrBNA
_bpor
_cBiblioteca Nacional de Agricultura
041 _a(Pt)
072 _aL74
100 1 _aIamaguti, P.
100 1 _aFerraz, L.M.G.
100 1 _aGoncalves, H.C.G.
100 1 _aRanzani, J.J.T.
100 1 _aTeixeira, C.R.
245 1 _aEscorbuto canino (osteodistrofia hipertrofica)
650 _aCAO
650 _aRACA
650 _aESCORBUTO
650 _aOSTEODISTROFIA
650 _aDOENCA ANIMAL
650 _aVETERINARIA
773 0 _tArquivos Fluminenses de Medicina Veterinaria (Brazil)
_xISSN 0102-7794
_g(Oct-Dec 1988), v. 3(4) p. 116-118
_wBR9104395
909 _a202311
_bLúcia
_c55
_dLúcia Elande
942 _2AGRIS
_n0
_cANA
999 _c129948
_d129948